Lord Jim / (Record no. 167450)

MARC details
000 -LEADER
fixed length control field 00515nam a22001817a 4500
005 - DATE AND TIME OF LATEST TRANSACTION
control field 20220217162806.0
010 ## - LCCN (DPL NO)
LC control number ENG-126405
020 ## - INTERNATIONAL STANDARD BOOK NUMBER
International Standard Book Number 978-93-80816-26-5
Terms of availability 150.00
035 ## - SYSTEM CONTROL NUMBER
System control number EN-109937
037 ## - SOURCE OF ACQUISITION
Source of stock number/acquisition DBAD/PUB
082 ## - DEWEY DECIMAL CLASSIFICATION NUMBER
Classification number N
100 ## - MAIN ENTRY--PERSONAL NAME
Personal name Conrad,Joseph
245 ## - TITLE STATEMENT
Title Lord Jim /
Statement of responsibility, etc by Joseph conrad
260 ## - PUBLICATION, DISTRIBUTION, ETC. (IMPRINT)
Place of publication, distribution, etc Noida
Name of publisher, distributor, etc Maple Press Private Limited
Date of publication, distribution, etc 2018
270 ## - ADDRESS
City Noida
Address A63, Sector 58 , Noida
Postal code 201301
Telephone number 911204553581
Electronic mail address info@maplepress.co.in
300 ## - PHYSICAL DESCRIPTION
Extent 288p.
Dimensions 22cm(pbk)
942 ## - ADDED ENTRY ELEMENTS (KOHA)
Source of classification or shelving scheme Dewey Decimal Classification
Item type English Books
Classification part N
Call number suffix CON
Holdings
Withdrawn status Lost status Not for loan Collection code Home library Current library Date acquired Source of acquisition Cost, normal purchase price Full call number Barcode Copy number Cost, replacement price Koha item type
      Fiction Ashok Vihar Ashok Vihar 03/09/2019 DBAD/PUB 150.00 N CON EN-109937 1 150.00 English Books

© Delhi Public Library
Hit Counter
free hit counter